Southern Economic Journal

Bibliographic Details
Format: eBook
Language:English
Published: Estados Unidos Southern Economic Association 2011
Subjects:
Online Access:Acceso restringido

MARC

LEADER 00000nam a22000007a 4500
005 20160128131447.0
007 cr|||| ||u|
008 160128s19922011-usun|pos|||| 0||| 1eng d
022 |a 0038-4038  
035 |a 2953 
040 |a vLex  
090 |c 5865  |d 5865 
245 1 0 |a Southern Economic Journal  |h [Recurso electrn̤ico] /  |c Southern Economic Association  
256 |a Servicio en ln̕ea  
260 |a Estados Unidos   |b Southern Economic Association   |c 2011 
300 |a 1 recurso electrn̤ico  
506 1 |a Contenido solo disponible en los productos indicados   |d vLex Global  |d vLex Global (Academic Edition, excluding Law Schools)  |d vLex Global (U.S. Academic Edition, Law Schools)  |d vLex Global (U.S. Academic Edition, excluding Law Schools)  |d vLex Global (Academic Edition, Law Schools) 
650 0 4 |a Revistes  |z Estados Unidos  
740 0 |a vLex revistas (servicio en ln̕ea)  
856 4 0 |u http://vlex.com/source/southern-economic-journal-2953  |z Acceso restringido  
942 |c REV 
999 0 |a Periodicals